Facility management : případové studie /

Hlavní autor: Vyskočil, Vlastimil K., 1948-
Jazyk: Čeština
Vydáno: [Praha] : Professional Publishing, 2008
Vydání: 1. vyd.
Témata:
Fyzický popis: 77 s. : il. ; 21 cm
Knihy
Uloženo v:
LEADER 01155nam a2200349 a 4500
001 nkc20081802956
003 CZ PrNK
005 20080901100306.0
007 ta
008 080505s2008 xr a f 000 0 cze
015 |a cnb001802956 
020 |a 978-80-86946-70-2  |q (brož.) 
035 |a (OCoLC)237193129 
040 |a BOA001  |b cze  |d ABA001 
072 7 |a 005  |x Management. Řízení  |2 Konspekt  |9 4 
080 |a 005.93  |2 MRF 
080 |a (078.7)  |2 MRF 
100 1 |a Vyskočil, Vlastimil K.,  |d 1948-  |7 xx0013420  |4 aut 
245 1 0 |a Facility management :  |b případové studie /  |c Vlastimil K. Vyskočil a kol. 
250 |a 1. vyd. 
260 |a [Praha] :  |b Professional Publishing,  |c 2008 
300 |a 77 s. :  |b il. ;  |c 21 cm 
504 |a Obsahuje bibliografické odkazy 
650 0 7 |a facility management  |7 ph216779  |2 czenas 
650 0 9 |a facility management  |2 eczenas 
655 7 |a případové studie  |7 fd133208  |2 czenas 
655 9 |a case studies  |2 eczenas 
910 2 |a BOA001  |b 2-1207.019 
990 |a BK 
995 |a 01 
991 |b 200806  |c NOV 
996 6 |b 2610346017  |c 2-1207.019  |l MZK  |r Sklad / do 1 hodiny  |n 7  |p p.v.  |w 000899732  |u 000010  |a 1  |e BOA001  |j MZK50  |s P